Наше життя (Запис № 572607)
[ простий вигляд ]
| 000 -Лідер | |
|---|---|
| fixed length control field | 00667 a2200193 4500 |
| 001 - Контрольний номер | |
| control field | 216222464 |
| 003 - Ідентифікатор контрольного номера | |
| control field | UA-OsUOA |
| 005 - Дата та час останнього входження (трансакції) | |
| control field | 20220823152439.0 |
| 008 - Елементи даних фіксованої довжини – загальна інформація | |
| fixed length control field | 220607b un ||||| |||| 00| 0 ukr d |
| 040 ## - Джерело каталогізації | |
| Агенція оригінальної каталогізації | UA-OsUOA |
| Мова каталогізації | ukr |
| Агенція, яка здійснювала перезапис | UA-OsUOA |
| Агенція, яка здійснювала модифікацію | UA-OsUOA |
| 041 ## - Код мови | |
| Код мови тексту/ звукової доріжки чи окремого заголовка (П) | ukr |
| 080 ## - Індекс Універсальної десяткової класифікації | |
| Індекс Універсальної десяткової класифікації (УДК) (НП) | 050 |
| 090 ## - Локальний шифр розміщення | |
| Класифікаційний індекс УДК | 050 |
| Авторський знак (НП) | Н37 |
| 245 ## - Відомості про назву | |
| Назва (НП) | Наше життя |
| Номер частини/ розділу роботи (П) | 2017: № 7-12; 2018: № 1-12; 2019: № 1-6, 9-11; 2020: № 1-12; 2021: № 5; 2022: № 1 |
| 650 ## - Додаткове предметне введення – тематичний термін | |
| Джерело заголовка чи терміна | UDC |
| Тематичний термін чи географічна назва, як елемент введення (НП) | 050 Періодичні видання |
| 942 ## - Додаткові елементи входу (Коха) | |
| Тип елемента Koha | Журнал |
| Source of classification or shelving scheme | Universal Decimal Classification |
| 955 ## - Код типу видання за змістом | |
| Код типу видання за змістом (НП) | інше |
| Стан вилучень | Стан втрат | Джерело класифікації або схеми стелажів | Стан уражень | Не для кредиту | Постійне місце розташування | Поточне розміщення | Дата придбання | Вартість, звичайна ціна покупки | Усього замовленно | Повний номер виклику | Штрих-код | Дата останнього перегляду | Ціна ефективна від | Тип елемента Koha |
|---|---|---|---|---|---|---|---|---|---|---|---|---|---|---|
| Universal Decimal Classification | Наукова бібліотека ІДУД | Наукова бібліотека ІДУД | 07/06/2022 | 1.00 | 050 Н37 | 216222464 | 07/06/2022 | 07/06/2022 | Журнал |